000 00586nam a22002057a 4500
003 OSt
005 20150408114135.0
008 130804s2013 ii a f 001 0 eng d
020 _a9781118546758
040 _aMa-Un
082 _a621.3
_bJVB
_221
100 1 _4Jegathesan, v.
245 1 0 _aBasic electrical and electronics engineering /
_cv. Jegathesan, K. vinothkumar, R. saravanakumar
250 _a1 st. ed.
260 _aNew Delhi :
_bWiley,
_c2013.
300 _a526 p. :
_bill :
_c26 cm.
650 0 _aElectric engineering
_936282
650 0 _aElectronics
942 _2ddc
_cDVD
999 _c30263
_d264763